Key determinants of national development : (Record no. 5934)
[ view plain ]
| 000 -LEADER | |
|---|---|
| fixed length control field | 00726cam a2200205 i 4500 |
| 001 - CONTROL NUMBER | |
| control field | 18605337 |
| 005 - DATE AND TIME OF LATEST TRANSACTION | |
| control field | 20250523125122.0 |
| 008 - FIXED-LENGTH DATA ELEMENTS--GENERAL INFORMATION | |
| fixed length control field | 150506s2015 enka b 001 0 eng |
| 020 ## - INTERNATIONAL STANDARD BOOK NUMBER | |
| International Standard Book Number | 9781472462831 (hardback : alk. paper) |
| 020 ## - INTERNATIONAL STANDARD BOOK NUMBER | |
| Canceled/invalid ISBN | 9781472462848 (ebook) |
| 020 ## - INTERNATIONAL STANDARD BOOK NUMBER | |
| Canceled/invalid ISBN | 9781472462855 (epub) |
| 050 00 - LIBRARY OF CONGRESS CALL NUMBER | |
| Classification number | HC59.7 |
| Item number | .A8218 2015 |
| 082 00 - DEWEY DECIMAL CLASSIFICATION NUMBER | |
| Classification number | 338.9109172/4 |
| Edition information | 23 |
| 100 1# - MAIN ENTRY--PERSONAL NAME | |
| Personal name | Appiah-Adu, Kwaku. |
| 245 10 - TITLE STATEMENT | |
| Title | Key determinants of national development : |
| Remainder of title | historical perspectives and implications for developing economies / |
| Statement of responsibility, etc. | edited by Kwaku Appiah-Adu and Mahamudu Bawumia. |
| 300 ## - PHYSICAL DESCRIPTION | |
| Extent | xxiv, 391 pages : |
| Other physical details | illustrations ; |
| Dimensions | 25 cm |
| 650 #0 - SUBJECT ADDED ENTRY--TOPICAL TERM | |
| Topical term or geographic name entry element | Economic development. |
| 700 1# - ADDED ENTRY--PERSONAL NAME | |
| Personal name | Bawumia, Mahamudu. |
| 942 ## - ADDED ENTRY ELEMENTS (KOHA) | |
| Source of classification or shelving scheme | Library of Congress Classification |
| Koha item type | Books |
| Suppress in OPAC | No |
| 999 ## - | |
| -- | 5934 |
| -- | 5934 |
No items available.